000 00649nam a22001697a 4500
005 20250829145853.0
020 _a9780256035032
050 _aKF3408.A4
_bSc6
245 _aCases in collective bargaining and industrial relations :
_ba decisional approach /
_cSterling H. Schoen, Raymond L. Hilgert.
250 _a5th ed.
260 _aIllinois
_bIrwin, Homewood, Ill.
_c1986
300 _axii, 475 p. ;
_b 23 cm.
500 _a Includes bibliographies and indexes Published: Irwin, Homewood, Ill.,
505 _aPT1. Legal aspects for collective bargaining PT2. Case problems to union- management
650 _aLabour relations
942 _cBK
999 _c8481
_d8481